[Event "Titled Tuesday intern op 13th Feb Late"]
[Site "Chess.com INT"]
[Date "2024.02.13"]
[Round "5"]
[White "Chabris, Christopher"]
[Black "Melillo, Lucius"]
[Result "1-0"]
[WhiteElo "2094"]
[BlackElo "2158"]
[PlyCount "79"]
[EventDate "2024.02.13"]
[EventType "swiss (blitz)"]
[EventRounds "11"]
[EventCountry "USA"]
[SourceTitle "CB08_2024"]
[SourceDate "2024.02.21"]
[SourceVersion "1"]
[SourceVersionDate "2024.02.21"]
[SourceQuality "1"]

1. e4 Nf6 2. e5 Nd5 3. d4 d6 4. Nf3 dxe5 5. Nxe5 c6 6. Bc4 Nd7 7. Nf3 N7f6 8. 0-0 Bg4 9. h3 Bh5 10. Re1 e6 11. Be2 Bd6 12. Ne5 Bxe2 13. Qxe2 0-0 14. c4 Ne7 15. Nc3 Ng6 16. Bg5 Re8 17. h4 Be7 18. h5 Nxe5 19. dxe5 Nd7 20. Bxe7 Qxe7 21. Rad1 Rad8 22. Rd6 Nb6 23. Red1 Nc8 24. R6d3 h6 25. Ne4 Rxd3 26. Qxd3 Qc7 27. f4 Nb6 28. b3 Qe7 29. g3 Qc7 30. Kg2 Re7 31. Qd8+ Qxd8 32. Rxd8+ Kh7 33. Nc5 a5 34. Kf3 a4 35. g4 axb3 36. axb3 Rc7 37. Ke4 Nc8 38. Nd7 g6 39. Nf6+ Kg7 40. Rg8# 1-0

[Event "Titled Tuesday intern op 23rd Jan Late"]
[Site "Chess.com INT"]
[Date "2024.01.23"]
[Round "8"]
[White "Ladan, Nicholas John"]
[Black "Chabris, Christopher"]
[Result "1-0"]
[WhiteElo "2168"]
[BlackElo "2078"]
[PlyCount "75"]
[EventDate "2024.01.23"]
[EventType "swiss (blitz)"]
[EventRounds "11"]
[EventCountry "USA"]
[SourceTitle "CB05_2024"]
[SourceDate "2024.01.31"]
[SourceVersion "1"]
[SourceVersionDate "2024.01.31"]
[SourceQuality "1"]

1. Nf3 Nf6 2. g3 e6 3. Bg2 d5 4. 0-0 Be7 5. b3 0-0 6. Bb2 a5 7. d4 c6 8. c4 Nbd7 9. Nc3 b6 10. Ne5 Bb7 11. Rc1 Nxe5 12. dxe5 Nd7 13. cxd5 exd5 14. e4 d4 15. Qxd4 Nc5 16. Na4 Nxa4 17. bxa4 Bc5 18. Rxc5 Qxd4 19. Bxd4 bxc5 20. Bxc5 Rfe8 21. Bd6 f6 22. f4 c5 23. Rc1 Bc6 24. Rxc5 Bxa4 25. Bh3 fxe5 26. fxe5 Ra6 27. Bc8 Rc6 28. Bd7 Rxc5 29. Bxa4 Rc1+ 30. Kf2 Kf7 31. Bxe8+ Kxe8 32. a3 Kd7 33. Kf3 Ke6 34. h4 h5 35. Kf4 Rc3 36. Kg5 Rxg3+ 37. Kxh5 Kf7 38. e6+ 1-0

[Event "Titled Tuesday intern op 23rd Jan Late"]
[Site "Chess.com INT"]
[Date "2024.01.23"]
[Round "3"]
[White "Salman, Ilhan Serhat"]
[Black "Chabris, Christopher"]
[Result "1-0"]
[WhiteElo "2092"]
[BlackElo "2078"]
[PlyCount "47"]
[EventDate "2024.01.23"]
[EventType "swiss (blitz)"]
[EventRounds "11"]
[EventCountry "USA"]
[SourceTitle "CB05_2024"]
[SourceDate "2024.01.31"]
[SourceVersion "1"]
[SourceVersionDate "2024.01.31"]
[SourceQuality "1"]

1. d4 d5 2. Bg5 f6 3. Bf4 Nc6 4. Nf3 Bg4 5. Nbd2 e6 6. h3 Bh5 7. e3 Bd6 8. Bxd6 cxd6 9. c4 dxc4 10. Bxc4 d5 11. Bd3 Nge7 12. 0-0 Bg6 13. Bxg6+ hxg6 14. Rc1 Nf5 15. Qa4 0-0 16. Nb3 Nd6 17. Nc5 Qe7 18. Nxb7 Nxd4 19. Nxd4 Nxb7 20. Rc6 Nd8 21. Rc3 Nf7 22. Rfc1 Ne5 23. Rc7 Qd8 24. Nxe6 1-0

[Event "Titled Tuesday intern op 01st Aug Late"]
[Site "Chess.com INT"]
[Date "2023.08.01"]
[Round "5"]
[White "Chabris, Christopher"]
[Black "Novik, Maxim"]
[Result "1-0"]
[WhiteElo "2051"]
[BlackElo "2410"]
[PlyCount "35"]
[EventDate "2023.08.01"]
[EventType "swiss (blitz)"]
[EventRounds "11"]
[EventCountry "USA"]
[SourceTitle "EXT 2024"]
[Source "ChessBase"]
[SourceDate "2023.10.10"]
[SourceVersion "1"]
[SourceVersionDate "2023.10.10"]
[SourceQuality "1"]

1. e4 c6 2. d4 d5 3. e5 Bf5 4. Nf3 e6 5. Be2 Nd7 6. 0-0 Ne7 7. Nbd2 Ng6 8. Nb3 f6 9. c4 fxe5 10. cxd5 exd5 11. dxe5 Ngxe5 12. Nxe5 Nxe5 13. Nd4 Bd7 14. Re1 Be7 15. Bh5+ Ng6 16. Bxg6+ hxg6 17. Bg5 Qb8 18. Rxe7+ 1-0

[Event "Titled Tuesday intern op 01st Aug Late"]
[Site "Chess.com INT"]
[Date "2023.08.01"]
[Round "6"]
[White "Haszon, David"]
[Black "Chabris, Christopher"]
[Result "1-0"]
[WhiteElo "2250"]
[BlackElo "2051"]
[PlyCount "109"]
[EventDate "2023.08.01"]
[EventType "swiss (blitz)"]
[EventRounds "11"]
[EventCountry "USA"]
[SourceTitle "EXT 2024"]
[Source "ChessBase"]
[SourceDate "2023.10.10"]
[SourceVersion "1"]
[SourceVersionDate "2023.10.10"]
[SourceQuality "1"]

1. d4 Nf6 2. Bf4 e6 3. e3 d5 4. Nf3 c5 5. Nbd2 Nc6 6. c3 Bd6 7. Bg3 0-0 8. Bd3 Qe7 9. Ne5 Qc7 10. Ndf3 Ne4 11. Qc2 f5 12. Nxc6 bxc6 13. Bxd6 Qxd6 14. Ne5 cxd4 15. exd4 c5 16. Bxe4 fxe4 17. 0-0 cxd4 18. cxd4 Ba6 19. Rfc1 Rac8 20. Qa4 Rxc1+ 21. Rxc1 Qb6 22. b3 h6 23. Rc6 Bb5 24. Rxb6 Bxa4 25. Rxe6 Bb5 26. h3 Rc8 27. a4 Bd3 28. Rd6 Rc3 29. Rxd5 Rxb3 30. Rd8+ Kh7 31. Rd7 a5 32. Rd5 Rb4 33. Rxa5 Rxd4 34. Ra7 Be2 35. a5 Rd1+ 36. Kh2 h5 37. Kg3 Kh6 38. h4 Rd5 39. Nf7+ Kg6 40. Ng5 Rd3+ 41. Kf4 Rd4 42. Rxg7+ Kf6 43. Rf7+ Kg6 44. Ke3 Bc4 45. Rc7 Rd3+ 46. Kxe4 Rc3 47. Kd4 Ra3 48. Rxc4 Rxa5 49. Rc6+ Kf5 50. Rc5+ Rxc5 51. Kxc5 Kg4 52. Kd4 Kxh4 53. Nf3+ Kg4 54. Ke3 h4 55. Nxh4 1-0

[Event "Titled Tuesday intern op 01st Aug Late"]
[Site "Chess.com INT"]
[Date "2023.08.01"]
[Round "4"]
[White "Perez, Maximiliano"]
[Black "Chabris, Christopher"]
[Result "0-1"]
[WhiteElo "2383"]
[BlackElo "2051"]
[PlyCount "126"]
[EventDate "2023.08.01"]
[EventType "swiss (blitz)"]
[EventRounds "11"]
[EventCountry "USA"]
[SourceTitle "EXT 2024"]
[Source "ChessBase"]
[SourceDate "2023.10.10"]
[SourceVersion "1"]
[SourceVersionDate "2023.10.10"]
[SourceQuality "1"]

1. e4 e5 2. Nf3 Nc6 3. Bc4 Nf6 4. d3 Be7 5. 0-0 0-0 6. Re1 d6 7. a4 Kh8 8. c3 Ng8 9. d4 f5 10. exf5 d5 11. Bb5 e4 12. Nfd2 Bxf5 13. Nf1 Bd6 14. Ng3 Bxg3 15. hxg3 Nce7 16. Nd2 c6 17. Be2 Qd7 18. Nf1 Nf6 19. Bf4 Ng6 20. Ne3 Be6 21. a5 Rae8 22. b4 Ng8 23. Bh5 Bf7 24. Bxg6 Bxg6 25. Qg4 Bf5 26. Qh4 Ne7 27. g4 Bxg4 28. Be5 Be6 29. a6 b6 30. Bg3 Ng6 31. Qh5 Nf4 32. Bxf4 Rxf4 33. Qg5 Ref8 34. Rf1 h6 35. Qh5 Qe7 36. Qe5 Qf6 37. Qxf6 R8xf6 38. g3 Rf3 39. Kg2 Rf8 40. Rac1 b5 41. Rh1 Kg8 42. Rhf1 R8f6 43. Rc2 g5 44. Rh1 Kg7 45. Nd1 Bg4 46. Ne3 Rxe3 47. fxe3 Bf3+ 48. Kh2 Bxh1 49. Kxh1 Rf3 50. Kg2 Rxe3 51. Kh3 Rf3 52. Kg4 Kg6 53. Kh3 h5 54. Kg2 Kf5 55. Kh3 h4 56. Kh2 Rxg3 57. Rf2+ Rf3 58. Rc2 g4 59. Kg2 Kf4 60. Rc1 h3+ 61. Kh2 Rf2+ 62. Kg1 g3 63. Rd1 e3 0-1

[Event "Titled Tuesday intern op 25th Jul Late"]
[Site "Chess.com INT"]
[Date "2023.07.25"]
[Round "1"]
[White "Chabris, Christopher"]
[Black "Sabuk, Piotr"]
[Result "0-1"]
[WhiteElo "2051"]
[BlackElo "2380"]
[PlyCount "112"]
[EventDate "2023.07.25"]
[EventType "swiss (blitz)"]
[EventRounds "11"]
[EventCountry "USA"]
[SourceTitle "EXT 2024"]
[Source "ChessBase"]
[SourceDate "2023.10.10"]
[SourceVersion "1"]
[SourceVersionDate "2023.10.10"]
[SourceQuality "1"]

1. e4 e5 2. Nf3 Nc6 3. Bb5 a6 4. Ba4 Nf6 5. 0-0 Be7 6. Re1 b5 7. Bb3 d6 8. c3 0-0 9. h3 Re8 10. d4 Bb7 11. Ng5 Rf8 12. Nf3 Nd7 13. a4 Bf6 14. d5 Na5 15. Bc2 Nc4 16. b3 Ncb6 17. a5 Nc8 18. c4 c6 19. Nbd2 Ne7 20. Bb2 Ng6 21. cxb5 axb5 22. dxc6 Bxc6 23. b4 Nf4 24. Nf1 Be7 25. Bb3 Qc7 26. Rc1 Qb7 27. Ng3 g6 28. Qc2 Rac8 29. Qb1 Nf6 30. Ng5 h6 31. Nf3 Kg7 32. Rcd1 Rfd8 33. Qa2 Bf8 34. a6 Qa8 35. Nxe5 dxe5 36. Bxe5 Ne6 37. Bxf6+ Kxf6 38. Qb2+ Ke7 39. Nf5+ gxf5 40. exf5 Rxd1 41. Rxd1 Bg7 42. Qe2 Rd8 43. Re1 Bxg2 44. Bxe6 Bf3 45. Qc2 fxe6 46. Rxe6+ Kf8 47. Qc7 Rd1+ 48. Kh2 Rh1+ 49. Kg3 Rg1+ 50. Kh4 Bd5 51. Re7 Bf6+ 52. Kh5 Bf3+ 53. Kxh6 Bxe7 54. Qe5 Qc6+ 55. Kh7 Qf6 56. Qb8+ Kf7 0-1

[Event "Titled Tuesday intern op 20th Jun Late"]
[Site "Chess.com INT"]
[Date "2023.06.20"]
[Round "3"]
[White "Schnaider, Ilan"]
[Black "Chabris, Christopher"]
[Result "1-0"]
[WhiteElo "2224"]
[BlackElo "2027"]
[PlyCount "101"]
[EventDate "2023.06.20"]
[EventType "swiss (blitz)"]
[EventRounds "11"]
[EventCountry "USA"]
[SourceTitle "EXT 2024"]
[Source "ChessBase"]
[SourceDate "2023.10.10"]
[SourceVersion "1"]
[SourceVersionDate "2023.10.10"]
[SourceQuality "1"]

1. e4 c5 2. Nf3 Nc6 3. Bb5 d6 4. 0-0 Bd7 5. Re1 e5 6. c3 Nf6 7. d4 cxd4 8. cxd4 exd4 9. Bxc6 bxc6 10. e5 dxe5 11. Rxe5+ Be7 12. Nxd4 0-0 13. Nc3 Bd6 14. Re1 Ng4 15. h3 Qh4 16. hxg4 Qh2+ 17. Kf1 Rae8 18. Be3 Qh1+ 19. Ke2 Bxg4+ 20. f3 Qxg2+ 21. Kd3 c5 22. fxg4 cxd4 23. Bxd4 Qxb2 24. Rb1 Qa3 25. Rb3 Qa6+ 26. Kc2 Rc8 27. Kb1 Rb8 28. Qd2 Rxb3+ 29. axb3 Rb8 30. Qb2 Qd3+ 31. Qc2 Qxd4 32. Rd1 Qc5 33. Rd5 Qg1+ 34. Rd1 Qb6 35. Kb2 Be5 36. Re1 Bf6 37. g5 Bxg5 38. Nd5 Qd4+ 39. Nc3 Bf6 40. Rc1 Rc8 41. Ka2 Rxc3 42. Qe2 g6 43. Qe8+ Kg7 44. Rh1 Rc2+ 45. Ka3 Qc5+ 46. b4 Qc3+ 47. Ka4 Ra2+ 48. Kb5 Qd3+ 49. Kc6 Qc4+ 50. Kb7 Qa6+ 51. Ka8 1-0

[Event "Titled Tuesday intern op 06th Jun Late"]
[Site "Chess.com INT"]
[Date "2023.06.06"]
[Round "7"]
[White "Chabris, Christopher"]
[Black "Bilan, Danila"]
[Result "1-0"]
[WhiteElo "2027"]
[BlackElo "2303"]
[PlyCount "65"]
[EventDate "2023.06.06"]
[EventType "swiss (blitz)"]
[EventRounds "11"]
[EventCountry "USA"]
[SourceTitle "EXT 2024"]
[Source "ChessBase"]
[SourceDate "2023.10.10"]
[SourceVersion "1"]
[SourceVersionDate "2023.10.10"]
[SourceQuality "1"]

1. e4 c6 2. d4 d5 3. e5 c5 4. c3 Nc6 5. Be2 Qb6 6. dxc5 Qxc5 7. b4 Qb6 8. Qxd5 Be6 9. Qe4 0-0-0 10. Nf3 Bd5 11. Qf4 g6 12. Be3 Qc7 13. b5 Na5 14. 0-0 Bh6 15. Qg4+ Be6 16. Qg3 Bxe3 17. fxe3 Nh6 18. Nd4 Nf5 19. Nxf5 gxf5 20. Qf4 Rhg8 21. Na3 Kb8 22. b6 axb6 23. Nb5 Qc5 24. Nd4 Qxc3 25. Nxf5 Bxf5 26. e6+ Ka7 27. exf7 Rgf8 28. Qxf5 Qxe3+ 29. Rf2 Rd2 30. Re1 Nc6 31. Qf3 Qc5 32. Bf1 Ne5 33. Qe3 1-0

[Event "Dulles Cherry Blossom op 10th"]
[Site "Dulles"]
[Date "2023.05.28"]
[Round "6"]
[White "Kiewra, Keaton F"]
[Black "Chabris, Christopher"]
[Result "1/2-1/2"]
[WhiteElo "2352"]
[BlackElo "2053"]
[PlyCount "73"]
[EventDate "2023.05.24"]
[EventType "swiss"]
[EventRounds "9"]
[EventCountry "USA"]
[SourceTitle "CBM 214 Extra"]
[Source "ChessBase"]
[SourceDate "2023.07.31"]
[SourceVersion "1"]
[SourceVersionDate "2023.07.31"]
[SourceQuality "1"]

1. c4 e5 2. g3 Nf6 3. Bg2 Nc6 4. Nc3 Bb4 5. Nd5 0-0 6. Nxb4 Nxb4 7. d4 exd4 8. a3 Nc6 9. Nf3 d5 10. Nxd4 Nxd4 11. Qxd4 dxc4 12. Qxc4 Be6 13. Qc3 Bd5 14. f3 Re8 15. Kf2 Ng4+ 16. Kf1 Bc4 17. Bf4 Bxe2+ 18. Kg1 c6 19. Rc1 Nf6 20. Qc5 b6 21. Qf2 Qd3 22. Re1 Rad8 23. h4 Nh5 24. Bc1 Bd1 25. Kh2 Bb3 26. Rxe8+ Rxe8 27. Re1 Qd7 28. Qd4 Bd5 29. Qg4 f5 30. Rxe8+ Qxe8 31. Qxf5 Nxg3 32. Kxg3 Qe1+ 33. Kh2 Qxc1 34. Qc8+ Kf7 35. Qf5+ Kg8 36. Qc8+ Kf7 37. Qf5+ 1/2-1/2